000 00615cam a22002293a 4500
001 0000702
003 DO-SdBNP
005 20180207111434.0
007 0000702
008 861112 1985 pr a 000 0 spa d
010 _a
040 _aBPMSU
_cspa
_dBPMSU
_d
100 1 _aDíaz Marrero, Andrés
245 1 4 _aLas jicoteas /
_cAndrés Díaz Marrero ; ilustración Tonie Colón
260 _aSendero :
_bPuerto Rico,
_c1985.
300 _a24 p. :
_bil.
_c28 cm.
600 0 0 _a
_x
700 1 2 _aColón, Tonie
_eil.
942 _2ddc
_cBK
945 _ainventariado, 2018 / dg
956 _2YLOCKWARD
_310
_8BPMSU
999 _c11493
_d11493